000 01310nam a2200337 i 4500
001 000024788
003 DO-SdBNP
005 20260508144518.0
007 ta
008 110204s1974 dr 000 e spa d
040 _aDO-SdBNP
_bspa
_cBNPHU
_erda
041 _aspa
082 4 _aRD864.42
_bA973e 1974
_222
100 1 _aAybar, Andrejulio,
_d1873-1965
_eautor
_923960
_4aut.
245 1 0 _aEpístola a Juan Pablo Duarte /
_cAndrejulio Aybar.
250 _aSegunda edición
264 1 _aSanto Domingo :
_bSecretaría de Estado de Educación, Bellas Artes y Cultos,
_c1974.
300 _aviii, 69 páginas ;
_c24 cm.
336 _atexto
_btxt
_2rdacontent
337 _asin mediación
_bn
_2rdamedia
338 _avolumen
_bnc
_2rdacarrier
490 0 _aPublicaciones del Sesquicentenario de la Independencia Nacional
505 0 _aPalabras /
_rDr Jorge Tena Reyes --
_tNecrología de Andrejulio Aybar /
_rVetilio Alfau Durán --
_tEpístola a Duarte.
590 _aInventariado, 2020/MFF
600 1 0 _aDuarte, Juan Pablo,
_d1813-1876
_91494
650 0 _aEnsayos dominicanos
_965
650 0 _aLiteratura dominicana.
_967
710 1 _aRepública Dominicana.
_bSecretaría de Estado de Educación, Bellas Artes y Cultos
_923965
910 _aValidado. Control de calidad EMS.
942 _2ddc
_cLBS1
999 _c24281
_d24281